|
|
|
|
| LEADER |
00000nam0a2200000 4500 |
| 001 |
282333 |
| 005 |
20231101235504.0 |
| 035 |
|
|
|a (RuTPU)RU\TPU\book\306218
|
| 090 |
|
|
|a 282333
|
| 100 |
|
|
|a 20150129d1984 km y0rusy50 ca
|
| 101 |
0 |
|
|a rus
|
| 102 |
|
|
|a RU
|
| 105 |
|
|
|a y z 000zy
|
| 200 |
1 |
|
|a Девять дел одного года
|f А. А. Шальнев
|
| 210 |
|
|
|a Москва
|c Политиздат
|d 1984
|
| 215 |
|
|
|a 176 с.
|
| 606 |
1 |
|
|a США
|x Внутренняя политика
|2 stltpush
|3 (RuTPU)RU\TPU\subj\58468
|9 76257
|
| 610 |
1 |
|
|a американская система
|
| 610 |
1 |
|
|a буржуазная демократия
|
| 610 |
1 |
|
|a американская культура
|
| 610 |
1 |
|
|a власть
|
| 610 |
1 |
|
|a финансовые махинации
|
| 610 |
1 |
|
|a демагогия
|
| 686 |
|
|
|a Ф3(7США)
|v LBC/SL-A
|2 rubbk
|
| 700 |
|
1 |
|a Шальнев
|b А. А.
|g Александр Анатольевич
|
| 801 |
|
1 |
|a RU
|b 63413507
|c 20150129
|
| 801 |
|
2 |
|a RU
|b 63413507
|c 20191113
|g RCR
|
| 942 |
|
|
|c BK
|